Historia de la educación en España : (Record no. 196072)

MARC details
000 -LEADER
campo de control de longitud fija 01772nam a2200481 i 4500
001 - NÚMERO DE CONTROL
campo de control 196072
003 - IDENTIFICADOR DE NÚMERO DE CONTROL
campo de control ES-MaACL
005 - FECHA Y HORA DE LA ÚLTIMA TRANSACCIÓN
campo de control 20250429063013.0
008 - DATOS DE LONGITUD FIJA--INFORMACIÓN GENERAL
campo de control de longitud fija 240811s2004 sp | ||| ||spa
016 7# - NÚMERO DE CONTROL DE UNA AGENCIA BIBLIOGRÁFICA NACIONAL
Número de control del registro bimoBNE20040529961
Fuente SpMaBN
016 ## - NÚMERO DE CONTROL DE UNA AGENCIA BIBLIOGRÁFICA NACIONAL
Número de control del registro BNE20042431583
016 ## - NÚMERO DE CONTROL DE UNA AGENCIA BIBLIOGRÁFICA NACIONAL
Número de control del registro BNE20042383444
016 ## - NÚMERO DE CONTROL DE UNA AGENCIA BIBLIOGRÁFICA NACIONAL
Número de control del registro BNE20042640002
017 ## - NÚMERO DE COPYRIGHT O DE DEPÓSITO LEGAL
Número de copyright o de depósito legal M 2823-2004
Agencia que asigna Oficina Depósito Legal Madrid
020 ## - NÚMERO INTERNACIONAL ESTÁNDAR DEL LIBRO
Número Internacional Estándar del Libro 8436249984
035 ## - NÚMERO DE CONTROL DEL SISTEMA
Número de control de sistema (OCoLC)434330822
035 ## - NÚMERO DE CONTROL DEL SISTEMA
Número de control de sistema (SpMaBN)bimo0001946916
035 ## - NÚMERO DE CONTROL DEL SISTEMA
Número de control de sistema 30570591-34bne_inst
035 ## - NÚMERO DE CONTROL DEL SISTEMA
Número de control de sistema 30570590-34bne_inst
035 ## - NÚMERO DE CONTROL DEL SISTEMA
Número de control de sistema 30570589-34bne_inst
035 ## - NÚMERO DE CONTROL DEL SISTEMA
Número de control de sistema 991004492679708606
040 ## - FUENTE DE CATALOGACIÓN
Centro catalogador/agencia de origen SpMaBN
Lengua de catalogación spa
Centro/agencia transcriptor SpMaBN
Normas de descripción rdc
080 ## - NÚMERO DE LA CLASIFICACIÓN DECIMAL UNIVERSAL
Número de la Clasificación Decimal Universal 37(460)(091)(075.8)
245 00 - MENCIÓN DEL TÍTULO
Título Historia de la educación en España :
Resto del título autores, textos y documentos /
Mención de responsabilidad, etc. dirigido por Olegario Negrín Fajardo.
250 ## - MENCION DE EDICION
Mención de edición Primera edición: marzo, 2004
260 ## - PUBLICACIÓN, DISTRIBUCIÓN, ETC.
Lugar de publicación, distribución, etc. Madrid :
Nombre del editor, distribuidor, etc. UNED,
Fecha de publicación, distribución, etc. 2004.
300 ## - DESCRIPCIÓN FÍSICA
Extensión 674 p. :
Dimensiones 24 cm.
336 ## - TIPO DE CONTENIDO
Fuente rdacontent
Término de tipo de contenido texto
337 ## - TIPO DE MEDIO
Fuente rdamedia
Nombre/término del tipo de medio sin mediación
338 ## - TIPO DE SOPORTE
Fuente rdacarrier
Nombre/término del tipo de soporte volumen
490 1# - MENCIÓN DE SERIE
Mención de serie Cuadernos de la UNED
504 ## - NOTA DE BIBLIOGRAFÍA, ETC.
Nota de bibliografía, etc. Incluye referencias bibliográficas e índices
650 #4 - PUNTO DE ACCESO ADICIONAL DE MATERIA--TÉRMINO DE MATERIA
Término de materia o nombre geográfico como elemento de entrada Enseñanza-
Subdivisión geográfica España-
Subdivisión de forma Historia
Fuente del encabezamiento o término embne
9 (RLIN) 12285
700 0# - ENTRADA AGREGADA--NOMBRE PERSONAL
Nombre de persona Negrín Fajardo, Olegario
9 (RLIN) 85310
Término indicativo de función/relación Editor literario
830 #0 - PUNTO DE ACCESO ADICIONAL DE SERIE-TÍTULO UNIFORME
9 (RLIN) 238033
Título uniforme Cuadernos de la UNED
852 ## - LOCALIZACIÓN
Ubicación ES-MaACL
Sublocalización o colección R.153610
Ubicación en estantería Depósito J
Número de control de estantería N-9199
Donativo/Legado Donación: Olegario Negrín Fajardo
Encuadernación Encuadernación rústica con solapas
itemnumber 205104
883 1# - PROCEDENCIA DE METADATOS
Proceso de creación Cotejo registros de fondos y signatura-ítem
Fecha de creación 20220521
903 ## - NOMBRE PERSONAL DE DONANTE
9 85310
a Negrín Fajardo, Olegario
e Donante
942 ## - ELEMENTOS DE ENTRADA SECUNDARIOS (KOHA)
Tipo de ítem Koha Libro impreso
Suprimir en OPAC No
Holdings
Estatus retirado Estado de pérdida Fuente del sistema de clasificación o colocación Estado de daño No para préstamo Biblioteca de origen Biblioteca actual Ubicación en estantería Fecha de adquisición Fuente de adquisición Total de préstamos Signatura topográfica completa Código de barras Visto por última vez Precio de reemplazo Tipo de ítem Koha
    Clasificación decimal universal     Biblioteca del Ateneo de Madrid Biblioteca del Ateneo de Madrid Depósito J 27/04/2025 Donación   N-9199 101229939 27/04/2025 27/04/2025 Libro impreso